000 00356nam a2200169Ia 4500
003 0STCL
008 150530s9999 xx 000 0 und d
040 _aSTCL
_cSTCL
100 _aBray Brooke, P.
245 _aThomas Hardy
250 _aFirst
260 _c1928
546 _aEnglish
942 _2ddc
_cBK
999 _c61343
_d61343
005 20220125171150.0